Antropología, hoy: una introducción a la antropología cultural
Gespeichert in:
| Hauptverfasser: | , , , , |
|---|---|
| Format: | Buch |
| Sprache: | Spanisch |
| Veröffentlicht: |
Barcelona
Teide
1983
|
| Schriftenreihe: | Colección Hay que saber
|
| Schlagworte: | |
| Tags: |
Tag hinzufügen
Keine Tags, Fügen Sie den ersten Tag hinzu!
|
MARC
| LEADER | 00000nam a2200000 a 4500 | ||
|---|---|---|---|
| 001 | UCY9666 | ||
| 003 | CL-VaPUC | ||
| 008 | 950717e19830000SP |||||||||||||||||spa|d | ||
| 082 | 0 | 4 | |a 301 |b FRI |2 21 |
| 100 | 0 | |a Frigolé, Joan |e author |9 342159 | |
| 700 | 0 | |a Narotzky, Susana |e author |9 342160 | |
| 700 | 0 | |a Contreras, Jesús |e author |9 342161 | |
| 700 | 0 | |a Comes, Pau |e author |9 342162 | |
| 700 | 0 | |a Prat, Joan |e author |9 342163 | |
| 245 | 1 | 0 | |a Antropología, hoy: una introducción a la antropología cultural |
| 300 | |a 256 p | ||
| 942 | |c BK | ||
| 945 | |d 19950717 00:00:00 |a lriquelm | ||
| 260 | |a Barcelona |b Teide |c 1983 | ||
| 650 | 0 | |a Antropología |9 233030 | |
| 650 | 0 | |a Antropología cultural y social |9 265143 | |
| 650 | 7 | |a SOCIOLOGIA RURAL |2 CL-VaPUC |9 264560 | |
| 650 | 0 | |a Sociología urbana |9 268099 | |
| 650 | 0 | |a Educación |9 258661 | |
| 651 | 0 | |a España |9 254926 | |
| 583 | |a last modification |c 19950717 00:00:00 |k Rodrigo Vera | ||
| 490 | 0 | |a Colección Hay que saber | |
| 999 | |c 236718 |d 236716 | ||
| 952 | |0 0 |1 0 |4 0 |6 301_000000000000000_FRI_1983 |7 0 |8 A |9 244986 |a BIBEDU |b BIBEDU |d 2019-11-18 |i 1532723 |o 301 FRI 1983 |p 1532723 |r 2019-11-18 |w 2019-11-18 |y BK |k EDU | ||
| 952 | |0 0 |1 0 |4 0 |6 301_000000000000000_FRI_1983 |7 0 |8 A |9 244987 |a BIBHIS |b BIBHIS |d 2019-11-18 |i 3764877 |o 301 FRI 1983 |p 3764877 |r 2025-01-20 |w 2019-11-18 |y BK |k HIS | ||